Statistiche per Vicepresidenti del consiglio dei ministri

Clicka qui per fare il quiz!

Statistiche generali

  • Questo quiz è stato fatto 10 volte
  • Il punteggio medio è 9 su 41

Statistiche sulle risposte

AnniVicepresidente% Corretto
28 aprile 2013- 22 febbraio 2014Alfano
63%
1 giugno 2018- 5 settembre 2019Di Maio-Salvini
63%
4 agosto 1983- 17 aprile 1987Forlani
63%
17 maggio 1996- 21 ottobre 1998Veltroni
63%
28 luglio 1987- 13 aprile 1988Amato
50%
4 dicembre 1963- 24 giugno 1968Nenni
50%
10 febbraio 1954- 19 maggio 1957Saragat
50%
1 luglio 1958- 15 febbraio 1959Segni
50%
13 aprile 1988- 22 luglio 1989De Michelis
38%
11 giugno 2001/2 dicembre 2004- 23 aprile 2005Fini-Follini
38%
26 luglio 1960- 4 dicembre 1963Piccioni
38%
26 luglio 1951- 17 agosto 1953Piccioni
38%
17 maggio 2006- 8 maggio 2008D'Alema-Rutelli
25%
23 aprile 2005- 17 maggio 2006Fini-Tremonti
25%
23 novembre 1974- 12 febbraio 1976La Malfa
25%
20 marzo 1979- 26 marzo 1979La Malfa
25%
22 luglio 1989- 28 giugno 1992Martelli
25%
21 ottobre 1998- 22 dicembre 1999Mattarella
25%
19 maggio 1957- 1 luglio 1958Pella
25%
12 dicembre 1968- 5 agosto 1969De Martino
13%
27 marzo 1970- 17 febbraio 1972De Martino
13%
31 maggio 1947- 24 maggio 1948Einaudi-Pacciardi-Saragat
13%
10 maggio 1994- 17 gennaio 1995Maroni-Tatarella
13%
24 maggio 1948- 27 gennaio 1950Piccioni-Porzio-Saragat
13%
26 giugno 1972- 7 luglio 1973Tanassi
13%
5 agosto 1969- 27 marzo 1970Taviani
13%
16 marzo 1979- 4 agosto 1983Carica vacante
0%
27 gennaio 1950- 26 luglio 1951Carica vacante
0%
22 febbraio 2014- 1 giugno 2018Carica vacante
0%
17 agosto 1953- 10 febbraio 1954Carica vacante
0%
8 maggio 2008- 28 aprile 2013Carica vacante
0%
15 febbraio 1959- 26 luglio 1960Carica vacante
0%
24 giugno 1968- 12 dicembre 1968Carica vacante
0%
17 febbraio 1972- 26 giugno 1972Carica vacante
0%
22 dicembre 1999- 11 giugno 2001Carica vacante
0%
17 aprile 1987- 28 luglio 1987Carica vacante
0%
17 gennaio 1995- 17 maggio 1996Carica vacante
0%
28 giugno 1992- 10 maggio 1994Carica vacante
0%
7 luglio 1973- 23 novembre 1974Carica vacante
0%
12 febbraio 1976- 20 marzo 1979Carica vacante
0%
5 settembre 2019-Carica vacante
0%

Distribuzione punteggi

Percentile per numero di risposta

Percentuale di utenti per punteggio

I tuoi punteggi nel tempo

Non hai fatto questo quiz